000 00320nam a2200133Ia 4500
008 191201s2009 xx 000 0 und d
100 _aRANJANSAHA,Tapash
245 0 _aCapital Market and SEBI Regulations
250 _a1st
260 _aN. Delhi
_bExcel Books
_c2009
300 _a171
650 _aMBA
942 _2ddc
_cBK
999 _c4818
_d4818